| 000 | 01364nam0a2200349 4500 | ||
|---|---|---|---|
| 001 | RU\NLR\BIBL_A\022447887 | ||
| 005 | 20250224143050.0 | ||
| 010 |
_a978-5-00167-668-3 _92500 |
||
| 021 |
_aRU _bКН-П-24-079567 _9КН-П-24-7943 |
||
| 035 | _a(NLR Aleph) 022447887 | ||
| 090 |
_a13356250 _c13356250 |
||
| 100 | _a20250206d2024 u y0rusy50 ca | ||
| 101 | 0 | _arus | |
| 102 | _aRU | ||
| 105 | _aа z 000аy | ||
| 181 | 0 |
_ab3 _bab2e |
|
| 181 | 0 |
_ai2 _baxxe |
|
| 182 | 0 | _an | |
| 200 | 1 |
_aКуда подевались волшебники? _e[для дошкольного и младшего школьного возраста] _fАся Кравченко _gхудожник Юля Сиднева |
|
| 203 |
_aИзображение _aТекст _bвизуальные _cнепосредственные |
||
| 210 |
_aМосква _cСамокат _dпеч. 2024 (макет 2025) |
||
| 215 |
_a77, [2] с. _cил. _d25 |
||
| 333 | _a6+ | ||
| 686 | 0 | _aШ9(2)60=Р7-2 | |
| 700 | 1 |
_aКравченко _bА. _cканд. психол. наук, дет. писатель _f1971- _gАся _9222864 _3RU\NLR\AUTH\770222920 |
|
| 702 | 1 |
_4440 _7ca _8rus _aСиднева _bЮ. _gЮля _9252215 _3RU\NLR\AUTH\770252271 |
|
| 942 | _cBOOK | ||
| 980 | _aNB | ||